All 5k+ Cities in Botswana with a Map - Statistics

General Stats
  • This quiz has been taken 260 times
  • The average score is 16 of 67
Answers on the Map
Answers color-coded by a green-red scale on the quiz's map according to % correct below.
 
Answer Stats
Population Name % Correct
244,107 Gaborone
97%
102,444 Francistown
67%
85,293 Maun
56%
48,030 Kanye
44%
55,484 Serowe
44%
74,719 Molepolole
41%
18,723 Ghanzi
37%
9,013 Kasane
37%
29,457 Lobatse
37%
52,398 Palapye
35%
47,726 Mahalapye
34%
18,576 Jwaneng
33%
49,845 Mochudi
33%
8,614 Orapa
33%
41,839 Selebi-Phikwe
33%
33,275 Ramotswa
31%
20,018 Gabane
29%
6,608 Kang
29%
36,078 Letlhakane
29%
5,111 Charles Hill
27%
7,713 Nata
27%
55,517 Tlokweng
27%
5,184 Hukuntsi
26%
25,319 Thamaga
26%
9,143 Bokaa
24%
7,367 Rakops
24%
23,007 Tonota
24%
11,577 Tsabong
24%
21,001 Bobonong
23%
25,355 Mmopane
23%
5,669 Goodhope
22%
88,098 Mogoditshane
22%
8,827 Shoshong
22%
10,258 Oodi
21%
6,967 Otse
21%
5,969 Rasesa
21%
5,529 Gweta
20%
13,820 Kopong
20%
7,942 Modipane
20%
23,857 Moshupa
20%
10,492 Shakawe
20%
11,395 Gumare
19%
8,642 Kazungula
18%
7,399 Mmankgodi
18%
18,490 Tutume
18%
7,407 Chadibe
16%
13,087 Mmadinare
16%
5,009 Morwa
16%
12,340 Tati Siding
16%
6,287 Ramotswa Station/Taung
14%
6,802 Sese
13%
8,292 Letlhakeng
12%
6,049 Lotlhakane
12%
6,108 Masunga
12%
11,597 Metsimotlhaba
12%
5,968 Sefophe
12%
6,656 Lentsweletau
10%
5,913 Mathangwane
10%
5,422 Mmathethe
10%
8,730 Molapowabojang
10%
5,850 Shashe-Mooke
10%
5,224 Tsetsebjwe
10%
6,823 Kumakwane
9%
5,864 Maitengwe
9%
5,368 Sefhare
9%
7,171 Lerala
8%
6,770 Borolong
7%
No matching quizzes found
Score Distribution
Percent of People with Each Score
Percentile by Number Answered
Your Score History
You have not taken this quiz